Water resources of the Humboldt River Valley near Winnemucca, Nevada, (Record no. 30058)

MARC details
000 -LEADER
fixed length control field 01077cam a22002771 4500
001 - CONTROL NUMBER
control field gs 65000274
003 - CONTROL NUMBER IDENTIFIER
control field DLC
005 - DATE AND TIME OF LATEST TRANSACTION
control field 20260227111417.0
008 - FIXED-LENGTH DATA ELEMENTS--GENERAL INFORMATION
fixed length control field 780811s1965 dcuab b f000 0 eng c
010 ## - LIBRARY OF CONGRESS CONTROL NUMBER
LC control number gs 65000274
035 ## - SYSTEM CONTROL NUMBER
System control number (OCoLC)4130693
040 ## - CATALOGING SOURCE
Original cataloging agency U.S. Geol. Survey. Library.
Transcribing agency CLS
Modifying agency OCoLC
-- DLC
042 ## - AUTHENTICATION CODE
Authentication code premarc
043 ## - GEOGRAPHIC AREA CODE
Geographic area code n-us-nv
050 00 - LIBRARY OF CONGRESS CALL NUMBER
Classification number TC801
Item number .U2 no. 1795
100 1# - MAIN ENTRY--PERSONAL NAME
Personal name Cohen, Philip M.,
Dates associated with a name 1931-
245 10 - TITLE STATEMENT
Title Water resources of the Humboldt River Valley near Winnemucca, Nevada,
Statement of responsibility, etc. by Philip Cohen and others.
260 ## - PUBLICATION, DISTRIBUTION, ETC.
Place of publication, distribution, etc. Washington,
Name of publisher, distributor, etc. U.S. Govt. Print. Off.,
Date of publication, distribution, etc. 1965.
300 ## - PHYSICAL DESCRIPTION
Extent ix, 143 p.
Other physical details illus., map
Extent and portfolio (7 fold. maps, 3 col.)
Dimensions 24 cm.
490 1# - SERIES STATEMENT
Series statement Geological Survey (U.S.). Water-supply paper
Volume/sequential designation 1795
500 ## - GENERAL NOTE
General note Prepared in cooperation with the Nevada Dept. of Conservation and Natural Resources.
504 ## - BIBLIOGRAPHY, ETC. NOTE
Bibliography, etc. note Bibliography: p. 137-139.
650 #0 - SUBJECT ADDED ENTRY--TOPICAL TERM
Topical term or geographic name entry element Groundwater
Geographic subdivision Nevada
-- Humboldt River Valley
650 #0 - SUBJECT ADDED ENTRY--TOPICAL TERM
Topical term or geographic name entry element Water-supply
Geographic subdivision Nevada
-- Humboldt River Valley
830 #0 - SERIES ADDED ENTRY--UNIFORM TITLE
Uniform title Water-supply paper (Washington, D.C.) ;
Volume/sequential designation 1795.

No items available.

Powered by Koha